000 00442nam a2200157 4500
001 126182
003 ES-MaACL
005 20230906192754.0
007 t|
008 070214s1972 sp r ||||1| gao d
245 0 0 _aAs relacions Eirexa-mundo en Galicia /
_cXosé Chao Rego... [et al.].
260 _aSantiago :
_bSept,
_c1972.
300 _a168 p. ;
_c19 cm.
700 1 _aChao Rego, Xosé.
_937997
852 _aES-MaACL
_jC-52222
_bR.83923
999 _c126182
_d126182